000 00510nam a2200121Ia 4500
008 220216s9999 xx 000 0 und d
100 _aDey S K
245 0 _aHigh density planting - An option for higher productivity of rubber in North eastern region of India
260 _bIRC 2012. International Rubber Conference, 28-31 October 2012, Kovalam, India, Rubber Research Institute of India, Kottayam and IRRDB, Malaysia: Abstracts. pp.151.
650 _aHigh density planting
700 _aDatta B
942 _cJS
999 _c60367
_d60367